[Event "RUS-ch"]
[Site "Elista"]
[Date "1996.??.??"]
[Round "9"]
[White "Dvoirys, Semen I"]
[Black "Korneev, Oleg"]
[Result "1-0"]
[WhiteElo "2570"]
[BlackElo "2565"]
[Annotator "Schulz,Andre"]
[PlyCount "75"]
[EventDate "1996.10.15"]
[EventType "swiss"]
[EventRounds "11"]
[EventCountry "RUS"]
[SourceTitle "CBM 056"]
[Source "ChessBase"]
[SourceDate "1997.02.01"]
[SourceVersion "1"]
[SourceVersionDate "1997.02.01"]
[SourceQuality "1"]

1. e4 c5 2. Nf3 d6 3. d4 cxd4 4. Nxd4 Nf6 5. Nc3 g6 6. Be3 Bg7 7. f3 O-O 8. Qd2
Nc6 9. O-O-O {Die persönliche Bilanz von Dvoirys nach 9.0-0-0 ist +7 =1 -1 !}
d5 10. Qe1 (10. exd5 Nxd5 11. Nxc6 bxc6 12. Bd4 e5 13. Bc5 {etc. alte
Hauptvariante/old main line}) 10... e6 (10... e5) 11. h4 (11. g4 $6 e5 $1)
11... Qc7 (11... Qe7) (11... Re8) 12. exd5 {Solider als das scharfe} (12. h5)
12... Nxd5 (12... exd5 {1-0 Dvoirys,S-Los,S/Groningen op (01) ;EXP 38 1993 (34)
}) 13. Nxd5 exd5 14. Qd2 Re8 {/\ Rxe3} (14... h5 15. Nb5 Qe7 16. Bg5 Qe5 17. c3
Be6 18. Bf4 Qf6 19. Bg5 Qe5 20. Re1 Qb8 21. Bh6 Qd8 22. Bxg7 Kxg7 23. Nd4 Qf6
24. Rd1 Rac8 25. Bb5 a6 26. Be2 Rfe8 27. Nxc6 {1/2-1/2 Kramnik,V-Alterman,B/
URS-qualJ Sochi ;EXT 90 1990}) (14... Qe5 {1-0 Dvoirys,S-Alterman,B/Leeuwarden
op (07) ;EXT 94op 1994 (39)}) 15. h5 (15. Bf4 $5 Qb6 16. Nb5 a6 17. Bc7 Qc5 18.
Bd6 $10) 15... Rxe3 16. Qxe3 Nxd4 (16... Bxd4 17. Qe8+ (17. Rxd4 Nxd4 18. Qxd4
Bf5 19. Bd3 Bxd3 20. Qxd3 $14) 17... Kg7 18. h6+ Kf6 19. Rxd4 (19. Qh8+ $2 Ke7
20. Rxd4 Bf5 21. Qxa8 Nxd4 $19) 19... Nxd4 20. Qh8+ Ke7 21. Qxd4 $16) 17. Qe8+
$1 {Die Verbessereung von Dvoirys gegenüber Shirov-Topalov.} (17. Rxd4 Bf5 $36
{1/2-1/2 Shirov,A-Topalov,V/Dos Hermanas 1996 (29)}) 17... Bf8 18. Rxd4 Bf5 19.
Qa4 Qe5 20. Rd1 {Wie es scheint hat Schwarz zuwenig für die geopferte Qualität.
Das Läuferpaar wird durch Bd3 halbiert oder neutralisiert. Der schwarze
Damenflügel ist schwach, der Isolani auf der d-Linie ist anfällig und außerdem
kann Weiß die h-Linie öffnen und dort Drohungen schaffen. Allerdings hat
Schwarz noch ein paar taktische Pfeile im Köcher.} Bg7 (20... Rc8 21. Bd3 Bxd3
22. Rxd3 Qg5+ 23. Kb1 Qxg2 24. Rhd1 d4 25. hxg6 hxg6 26. Qb3 {1-0 Dvoirys,
S-Brodsky,M/Berliner Sommer 1996 (41)}) 21. Qb3 a5 22. hxg6 hxg6 23. a4 (23.
Rxd5 Qf4+ 24. Kb1 Be6) 23... Rc8 24. Bd3 Bd7 (24... Bxd3 $5 25. Rxd3 Qg5+ 26.
Kb1 Qxg2) 25. Rhe1 (25. Qxb7 $2 Rb8 26. Qxd7 Qf4+ 27. Rd2 Bxb2+ $19) (25. Bb5
Bf5 26. Bd3 Bd7 $11) 25... Qf4+ (25... Bxa4 $142 $1 {Weiß hat jetzt die Wahl,
sich mit Bauernverlust abzufinden oder die Figur zu nehmen und Schwarz einen
gefährlichen Angriff einzuräumen. Objektiv ist wohl der zweite Weg der bessere,
aber welchen Weg würde man am Brett wählen...?} 26. Qxa4 (26. Rxe5 Bxb3 $14)
26... Qxb2+ 27. Kd2 b5 $1 (27... Bh6+ 28. Ke2 b5 29. Qxa5 Qe5+ 30. Kf1 $18) 28.
Bxb5 (28. Qxb5 $4 Rxc2+) 28... Bc3+ 29. Kd3 (29. Ke2 Bxe1 30. Kxe1 (30. Rxe1 $2
Rxc2+ $19) 30... Rxc2 $40) 29... Bxe1 (29... Bb4 $2 30. Re8+ $18) 30. Rxe1 Rc3+
31. Kd2 Ra3 32. Re8+ Kg7 33. Qh4 {[%cal Rh4h8]} Qc3+ 34. Ke2 Qxc2+ 35. Kf1 Ra1+
36. Re1 $16 {/+-}) 26. Kb1 Bxa4 27. Qxd5 Qc7 28. Re2 (28. Rd2 $2 Bxb2) 28...
Rd8 $1 (28... Qb6 29. Qa2 $8 (29. b3 Qf6)) 29. Qa2 Bc6 $6 (29... Bb5 $5 30. Z0
Qb6 $140 {[%csl Rd1][%cal Yb6b2,Yb6f6]} 31. Z0) 30. Ree1 Rd5 $2 31. Bxg6 Rb5
32. Rd8+ Bf8 33. Qc4 Rb4 34. Rxf8+ Kxf8 35. Qc3 Rh4 36. Qc5+ Kg7 37. Bxf7 Qf4
38. Bb3 1-0

[Event "RUS-Cup03 Geller Memorial"]
[Site "Moscow"]
[Date "1999.02.13"]
[Round "4"]
[White "Landa, Konstantin"]
[Black "Strukov, Robert"]
[Result "1-0"]
[WhiteElo "2542"]
[BlackElo "2325"]
[Annotator "Schulz,Andre"]
[PlyCount "93"]
[EventDate "1999.02.10"]
[EventType "swiss"]
[EventRounds "9"]
[EventCountry "RUS"]
[SourceTitle "CBM 070"]
[Source "ChessBase"]
[SourceDate "1999.06.08"]
[SourceVersion "1"]
[SourceVersionDate "1999.06.08"]
[SourceQuality "1"]

1. e4 c5 2. Nc3 Nc6 3. Nf3 g6 4. d4 cxd4 5. Nxd4 Bg7 6. Be3 d6 7. Qd2 Nf6 8. f3
O-O 9. O-O-O d5 10. Kb1 e6 ({Als remisträchtig gilt die Abwicklung} 10... Nxd4
11. e5 Nf5 12. exf6 Bxf6 13. Nxd5 Qxd5 14. Qxd5 Nxe3 15. Qd2 Nxd1 16. Qxd1 Be6)
11. g4 Qe7 12. g5 Nh5 13. exd5 Nxd4 14. Bxd4 Bxd4 15. Qxd4 Qxg5 16. d6 $5 (16.
dxe6 Bxe6 $11) 16... Bd7 17. Bd3 b6 18. Rhg1 Qf4 19. Qf2 Bc6 20. Be4 Bxe4 21.
Nxe4 Rad8 22. Rd4 Qe5 23. Re1 Rd7 24. Ng3 Qg5 25. f4 Qh6 26. Nxh5 Qxh5 27. a4
Rfd8 28. Red1 Qf5 {[%cal Re6e5]} 29. Qe2 a5 (29... Qc5 $5) 30. Qa6 Qc5 31. Rc4
Qh5 (31... Rxd6 32. Rxc5 Rxd1+ 33. Ka2 bxc5 34. Qxa5 R8d5 35. Qb5 $18 {[%cal
Ra4a8] Der Freibauer entscheidet.}) 32. Rcd4 Qc5 33. Qd3 Rc8 34. b3 Qc3 35. Qe2
Qc6 36. Rc4 Qb7 37. Rxc8+ Qxc8 38. Qb5 Qb7 39. h4 h5 40. Kb2 Rd8 41. Rd4 Qb8
42. Qc6 Rc8 43. Qd7 Kg7 44. Qe7 Rf8 45. d7 Rd8 46. Rc4 Rf8 47. Qxf8+ 1-0

[Event "Chebanenco Memorial 1st"]
[Site "Kishinev"]
[Date "1998.02.16"]
[Round "8"]
[White "Bologan, Viktor"]
[Black "Rogozenco, Dorian"]
[Result "1-0"]
[WhiteElo "2580"]
[BlackElo "2495"]
[Annotator "Schulz,Andre"]
[PlyCount "121"]
[EventDate "1998.02.09"]
[EventType "tourn"]
[EventRounds "9"]
[EventCountry "MDA"]
[EventCategory "12"]
[SourceTitle "CBM 064"]
[Source "ChessBase"]
[SourceDate "1998.06.02"]
[SourceVersion "1"]
[SourceVersionDate "1998.06.02"]
[SourceQuality "1"]

1. e4 {Hecht Ftacnik} c5 2. Nf3 d6 3. d4 cxd4 4. Nxd4 Nf6 5. Nc3 g6 6. Be3 Bg7
7. f3 Nc6 8. Qd2 O-O 9. O-O-O d5 10. Qe1 e5 (10... e6 {ist vermutlich
schlechter.}) 11. Nxc6 bxc6 12. exd5 Nxd5 ({Die Güte des Alternativzuges} 12...
cxd5 {ist derzeit ungeklärt.}) 13. Bc4 Be6 14. Ne4 Qc7 15. Bc5 Rfd8 16. g4 Nf4
17. Bxe6 (17. Qc3 Rd5 $5 {1-0 Xie Jun-Gufeld,E/Kuala Lumpur 1994/CBM 41 (36)})
17... Nxe6 (17... Rxd1+ 18. Qxd1 Nxe6 19. Be3 (19. Qd6 {Ftacnik} Qxd6 (19...
Bh6+ 20. Kb1 Qxd6 21. Bxd6 Bf4 22. Nf6+ Kg7 23. Nd7 Nd4 24. Bxe5+ Bxe5 25. Nxe5
f6 26. c3 fxe5 27. cxd4 exd4 28. Rc1 {1/2-1/2 Holzke,F-Golubev,M/Muenster op
1996/EXP 55 (35)}) 20. Bxd6 Nd4 21. Rf1 f5 22. gxf5 gxf5 23. Nd2 Kf7 24. Nc4
Ke6 {Luther,T-Konguveel,P/Anibal op 1998/TW 168/1-0 (60)}) (19. Qe2 Nxc5 20.
Nxc5 Qa5 21. Qc4 Rd8 22. c3 $6 (22. Ne4 Rd4 23. Qb3 Rb4 24. Qc3 Qxa2 25. Qxb4
Qa1+ 26. Kd2 Qxh1 27. Qb8+ Bf8 28. Qxe5 Qxf3 29. Nf6+ Kg7 $13) 22... Bh6+ $1
23. Kb1 Qb5 24. Qxb5 cxb5 $17 {Van Haastert,E-Golubev,M/Leiden/1997/}) (19. Bd6
$5) 19... Qa5 20. Kb1 Rb8 $11 {1-0 Kodric,M-Baric,D/Ljubljana op 1992/TD 92\04
(45)} (20... Rb8 21. Qe1 Qb5 22. Bc1 Nd4 23. Qe3 {1-0 Kodric,M-Baric,D/
Ljubljana op 1992/TD 92\04 (45)})) 18. Bd6 (18. Qe3 Rd5 19. c4 $2 Rxc5 20. Nxc5
Qb6 $19 {Liang Jinrong-Alterman,B/Tan Cup 1995/CBM 49/0-1 (55)} (20... Qb6 {
Ftacnik} 21. b4 Qxb4 22. Nxe6 Qxc4+ 23. Kd2 Qxa2+ 24. Ke1 Qxe6 {Liang
Jinrong-Alterman,B/Tan Cup 1995/CBM 49/0-1 (55)})) (18. Ba3 Rd5 19. Qe3 Rad8
20. g5 Qb6 21. Qxb6 axb6 $11 {1/2-1/2 Simacek,P-Voller,J/Plzen opJ 1995/EXT
95op (39)} (21... axb6 {Ftacnik} 22. c3 h6 23. h4 c5 {1/2-1/2 Simacek,P-Voller,
J/Plzen opJ 1995/EXT 95op (39)})) 18... Qb6 19. Qc3 (19. g5 Rd7 (19... Nd4 20.
Rf1 Nf5 21. Bc5 Qa6 22. a3 Rd5 23. Qf2 Nd4 $11 {1-0 Dolmatov,S-Ricardi,P/
Buenos Aires Najdorf 1991/CBM 24 (35)} (23... Nd4 {Ftacnik} 24. Bb4 Rb8 25. Kb1
c5 26. Nxc5 Rxc5 27. Bxc5 Qb5 28. Bxd4 exd4 29. b3 {1-0 Dolmatov,S-Ricardi,P/
Buenos Aires Najdorf 1991/CBM 24 (35)})) 20. h4 Rad8 21. h5 Nxg5 22. Nxg5 Rxd6
23. Rxd6 Rxd6 24. Ne4 Rd7 25. h6 Bh8 26. Qe2 f5 27. Qc4+ Kf8 28. Nc5 Rd5 $2 (
28... Rd6 $142) 29. Qxd5 cxd5 30. Nd7+ Ke7 31. Nxb6 axb6 $16 {1-0 Beshukov,
S-Olenin,N/RUS-Cup2 1996/EXP 56 (44)}) 19... Nd4 20. Kb1 Nb5 (20... Rd7 {
Ftacnik} 21. Rd3 Qd8 22. Qc5 Rc8 23. Rhd1 Ne6 24. Qc3 Nf4 25. Bxe5 Nxd3 26.
Bxg7 Nc5 27. Rxd7 Nxd7 28. Bh6 f6 29. Qc4+ Kh8 30. Qf7 {1-0 Van den Doel,E-Van
der Wiel,J/Hoogovens-B 1998/}) 21. Qb3 Nxd6 22. Nxd6 {Ftacnik: Better pawn
structure and queenside majority favours white in the coming endgame, but
blacks bishop can one day become very important.} Qc7 (22... Qxb3 $5 23. cxb3 (
23. axb3 {Ftacnik} Rd7 24. Nc4 Rad8 25. Rxd7 Rxd7 26. c3 Rd3 27. Rf1 f5 28. Kc2
$14) 23... Rd7 24. Nc4 Rad8) 23. Qb7 Qxb7 24. Nxb7 Rd5 (24... Rxd1+ {Ftacnik}
25. Rxd1 f5 26. Nd8 Rc8 27. gxf5 gxf5 28. Rd7 $14) 25. c4 Rd4 26. Rxd4 exd4 27.
Re1 Bf6 (27... Bf8 $5 {[%csl Yb4,Yc5,Yd6,Ye7]}) (27... d3 {Ftacnik} 28. Nc5 Rd8
29. Rd1 d2 30. Ne4 Be5 31. h3 Bf4 32. Kc2 $14) 28. Nc5 Kg7 29. f4 {Despite
limited pieces on the board black faces problems of good squares. The pawn d4
is well blocked and white will push his pieces on the queenside.} Rh8 (29... g5
{Ftacnik} 30. fxg5 Bxg5 31. Kc2 $14) 30. Nd3 g5 (30... h5 {Ftacnik} 31. g5 Bd8
32. Re4 $16) 31. fxg5 Bxg5 32. Re5 f6 (32... Be3 {Ftacnik} 33. Ra5 Ra8 34. Ra6
$16) 33. Ra5 h5 (33... Ra8 {Ftacnik} 34. Ra6 $16) 34. Rxa7+ Kg6 35. gxh5+ Rxh5
36. Rd7 (36. Rc7 $6 {Ftacnik} Rxh2 37. Rxc6 Rh1+ 38. Kc2 Rh2+ 39. Kb3 Rh3 40.
Kc2 Rh2+ $11) 36... Be3 (36... Rxh2 {Ftacnik} 37. Rxd4 Kf5 38. Rd6 Rd2 39. a4
Bf4 40. Rd7 $16) 37. a4 Kf5 {Ftacnik: Black has correctly decided for the
counterplay, so the speed of the pawn race will play the key role.} (37... Rxh2
{Ftacnik} 38. Rd6 (38. a5 Rh1+ 39. Kc2 Ra1 40. Ra7 $14) 38... Rd2 39. Nc5 $16)
38. Re7 (38. a5 {Ftacnik} Ke4 $1 39. Nb4 Rxa5 $11) 38... Kg4 (38... Rxh2 {
Ftacnik} 39. a5 Rh1+ 40. Ka2 $16) 39. c5 f5 (39... Rxh2 {Ftacnik} 40. a5 Rh1+
41. Ka2 Kf3 42. a6 Rh8 43. Nb4 $16) 40. a5 f4 41. a6 Rxh2 (41... f3 $2 {Ftacnik
} 42. a7 Rh8 43. Ne5+ Kf4 44. Ng6+ $18) 42. a7 Rh8 (42... Rh1+ {Ftacnik} 43.
Kc2 Ra1 44. Ne5+ Kf5 45. Nxc6 f3 46. b4 $1 (46. Re8 f2 47. a8=Q Rxa8 48. Rxa8
d3+ 49. Kc3 Bxc5 50. Ra1 Ke4 51. b4 Bf8 52. Kc4 Bg7 53. Rb1 d2 54. b5 Ke3 55.
b6 Ke2 56. b7 d1=Q $11) 46... f2 47. Rf7+ Ke6 48. Rf8 Ra6 49. b5 Ra3 50. Kb2
$18) 43. Ne5+ Kg3 44. Rg7+ Kf2 45. Nd7 Ra8 (45... d3 {Ftacnik} 46. Nb8 Rh1+ 47.
Ka2 d2 48. Rd7 $18) 46. Nb6 Rxa7 47. Rxa7 f3 {Ftacnik: The game is far from
over, white will have to give back his rook for the black pawn.} (47... d3 {
Ftacnik} 48. Rd7 Bxc5 (48... Ke2 49. Na4 f3 50. Nc3+ Kd2 51. Ne4+ Ke2 52. b4 (
52. Ng3+ Kd2 53. Nf1+ Ke2 54. Nxe3 (54. Re7 Kxf1 55. Rxe3 f2 56. Re6 Kg2 $11)
54... Kxe3 55. Kc1 f2 56. Re7+ Kf3 57. Kd2 $18) 52... f2 53. Nxf2 Bxf2 54. b5
cxb5 55. c6 Bg3 56. c7 Bxc7 57. Rxc7 d2 58. Re7+ Kd3 59. Rd7+ Kc3 60. Rd8 $18)
49. Na4 Bb4 50. Rxd3 f3 51. Nc3 Kg2 52. Ne4 $18) 48. b4 Ke2 (48... d3 {Ftacnik}
49. Nc4 Bf4 50. Nb2 $18) 49. Rf7 f2 (49... d3 {Ftacnik} 50. Nc4 Bg5 51. Nb2 d2
52. b5 cxb5 53. c6 Bd8 54. c7 Bxc7 55. Re7+ Kf1 56. Rxc7 f2 57. Nd1 Ke2 58.
Nxf2 Kxf2 59. Kc2 $18) 50. b5 f1=Q+ (50... cxb5 {Ftacnik} 51. c6 d3 52. Nd5 Bb6
53. Nf4+ Kd2 54. Nxd3 Kxd3 55. Rxf2 $18) 51. Rxf1 Kxf1 52. bxc6 d3 (52... Bf4 {
Ftacnik} 53. Nd5 Bg3 (53... d3 54. Nxf4 d2 55. Kc2 Ke1 56. Nd3+ Ke2 57. Nb2 $18
) 54. c7 Bxc7 55. Nxc7 d3 56. Nd5 d2 57. Nc3 $18) 53. Nd5 Bd4 (53... Bxc5 {
Ftacnik} 54. c7 d2 55. Kc2 Ke1 56. Nc3 $18) 54. c7 d2 55. Kc2 Ke2 56. Nc3+ (56.
Nf4+ {Ftacnik} Ke1 57. Nd3+ Ke2 58. Nb2 Bxb2 59. c8=Q d1=Q+ 60. Kxb2 $16) 56...
Bxc3 57. c8=Q d1=Q+ 58. Kxc3 {[#] Hecht: Unfortunately my CD-ROM drive is
temporarily crazy. In any case, it's clear that the king move to e3 loses
immediately. But it's also obvious that Black doesn't have perpetual check,
because the White king can clear out in the direction of a7, and answer an
enemy check on the a-line with a counter-check on a6. [#] Hecht: Leider spinnt
mein CD-ROM-Laufwerk momentan total. Klar ist jedenfalls, daß der Königszug
nach e3 sofort verliert. Klar ist aber auch, daß Schwarz kein Dauerschach hat,
weil sich der weiße König zunächst Richtung a7 absetzt, und ein Schach von der
a-Linie aus mit dem Gegenschach Da6 beantwortet wird.} Ke3 {Hecht: Silly!
Hecht:Albern!} (58... Qd3+ {Ftacnik} 59. Kb4 Qb1+ (59... Qd4+ {Hecht} 60. Ka5
Qc3+ 61. Ka6 Qc4+ 62. Ka7 Qd5 63. Qa6+ Kf2 64. Qd6 $16 {wahrscheinlich aber
Gewinn}) 60. Ka5 $16) 59. Qe6+ Kf3 (59... Kf2 {Ftacnik} 60. Qf5+ Kg1 61. Qg6+
Kh1 62. Qe4+ Kg1 63. Qd4+ $18) (59... Kf4 {Ftacnik} 60. Qd6+ $18) 60. Qf5+ Ke3
(60... Kg3 {Ftacnik} 61. Qd3+ $18) 61. Qe5+ (61. Qe5+ {Ftacnik} Kf2 62. Qd4+
$18) 1-0

[Event "DEN-ch"]
[Site "Denmark"]
[Date "1996.??.??"]
[Round "3"]
[White "Mortensen, Erling"]
[Black "Borge, Nikolaj"]
[Result "1/2-1/2"]
[WhiteElo "2430"]
[BlackElo "2455"]
[Annotator "Schulz,Andre"]
[PlyCount "82"]
[EventDate "1996.??.??"]
[EventType "tourn"]
[EventRounds "9"]
[EventCountry "DEN"]
[EventCategory "9"]
[SourceTitle "CBM 053"]
[Source "ChessBase"]
[SourceDate "1996.08.01"]
[SourceVersion "1"]
[SourceVersionDate "1996.08.01"]
[SourceQuality "1"]

1. e4 {Johnson,M} c5 2. Nf3 d6 3. d4 cxd4 4. Nxd4 Nf6 5. Nc3 g6 6. Be3 Bg7 7.
f3 Nc6 8. Qd2 O-O 9. O-O-O Nxd4 (9... d5 $5 {Johnson,M}) 10. Bxd4 Be6 11. Kb1
Qc7 12. Bb5 {Ein zeitraubendes Mannöver, um den schwarzen Druck am Damenflügel
zu neutralisieren. Wenn man den Läufer auf b3 haben möchte, kann man besser 9.
Bc4 spielen.} (12. Nd5 {Johnson,M} Bxd5 13. exd5 Rfc8 14. a3 Bh6 15. Qf2 Nxd5
16. c4 Nb6 17. h4 Nxc4 18. h5 Be3 19. hxg6 Bxd4 20. gxf7+ Kf8 21. Qxd4 e5 22.
Qxc4 Qxc4 23. Bxc4 Rxc4 24. Rxd6 Ke7 25. Rd5 Rh8 26. f8=Q+ Rxf8 27. Rxh7+ {
1-0(38)Ilincic,Z-Ristic,N/Yugoslavia chT(4)1989}) 12... Qa5 (12... Rfc8 13. Ba4
Bc4 14. g4 Rab8 15. Bb3 b5 16. g5 Nh5 17. Bxg7 Nxg7 18. h4 Nh5 19. f4 a5 20. f5
a4 21. Bxc4 bxc4 22. Nd5 Qb7 23. Qc3 Rc5 24. f6 exf6 25. Nxf6+ Nxf6 26. gxf6 h5
27. Rd5 Rxd5 28. exd5 Qxd5 29. Re1 Qc5 30. a3 d5 31. Qe5 Rd8 32. c3 Qd6 33. Qg5
d4 34. cxd4 Qxd4 35. Re3 Qd1+ 36. Ka2 Qb3+ 37. Rxb3 cxb3+ 38. Kb1 Rd1+ 39. Qc1
Rxc1+ 40. Kxc1 g5 {0-1 Nickel,R-Berkovich,M/Moscow4 ;EXT 90 1990}) 13. Ba4 b5
14. Bb3 b4 15. Ne2 Qb5 16. Be3 Bd7 (16... Bxb3 $5 17. axb3 a5 18. Nd4 Qb7 $40)
(16... a5 $6 {Johnson,M} 17. Bxe6 fxe6 18. Nf4 $16) 17. Nd4 Qb7 18. h4 a5 (
18... h5 {Johnson,M}) 19. h5 a4 (19... Rfc8 {Johnson,M} 20. hxg6 hxg6 21. Bh6
$1 Bh8 22. Bg5 Bg7 23. Bxf6 Bxf6 (23... exf6 24. Bd5 Qb6 25. Bxa8 Rxa8 26. Ne2
{+-}) 24. Bd5 Qb6 25. Qh6 Bg7 26. Qxg6 e6 27. Rh8+ $1 Kxh8 28. Qxf7 {+-}) 20.
Bc4 Rfc8 21. Bd3 e5 (21... Nxh5 $1 22. g4 Nf6 $17 {Der weiße Angriff ist den
Bauern nicht wert. Wenn der Nf6 nicht mit Nc3-d5 angegeriffen werden kann, ist
es sehr schwierig auf der h-Linie durchzubrechen.}) 22. Ne2 Be6 23. hxg6 fxg6 (
23... hxg6 $2 24. Bh6 $40) 24. Bg5 d5 25. Ng3 d4 26. Bh6 Bxh6 27. Rxh6 (27.
Qxh6 $2 Qf7 $19) 27... b3 (27... Qf7 $17) 28. cxb3 Bxb3 $1 29. Rc1 (29. axb3 $2
axb3 30. Qg5 Ra1+ 31. Kxa1 Qa8+ $19) 29... Bf7 $4 (29... Bxa2+ $1 30. Kxa2 (30.
Ka1 Rxc1+ 31. Qxc1 a3 $19) 30... Rxc1 31. Qxc1 Qb3+ 32. Ka1 Qxd3 $19) 30. Rhh1
Qb6 31. Rxc8+ Rxc8 32. Rc1 Rxc1+ 33. Qxc1 Bxa2+ 34. Kxa2 Qb3+ 35. Ka1 Qxd3 36.
Qc8+ Kf7 37. Qc7+ Ke6 38. Qc6+ Ke7 39. Qc5+ Ke6 40. Qc6+ Kf7 41. Qc7+ Ke6
1/2-1/2

[Event "RUS-ch"]
[Site "Elista"]
[Date "1996.??.??"]
[Round "8"]
[White "Shabanov, Yuri"]
[Black "Tiviakov, Sergei"]
[Result "1/2-1/2"]
[WhiteElo "2405"]
[BlackElo "2615"]
[Annotator "Schulz,Andre"]
[PlyCount "90"]
[EventDate "1996.10.15"]
[EventType "swiss"]
[EventRounds "11"]
[EventCountry "RUS"]
[SourceTitle "CBM 056"]
[Source "ChessBase"]
[SourceDate "1997.02.01"]
[SourceVersion "1"]
[SourceVersionDate "1997.02.01"]
[SourceQuality "1"]

1. e4 c5 2. Nf3 d6 3. d4 cxd4 4. Nxd4 Nf6 5. Nc3 g6 6. Be3 Bg7 7. f3 Nc6 8. Qd2
Bd7 $5 {Damit vermeidet Schwarz die Variante} (8... O-O 9. O-O-O {deren Kurs
nach} d5 {wegen 10.Kb1 oder 10.Qe1 derzeit nicht gut steht.}) 9. O-O-O (9. Bc4
O-O {führt zur Hauptvariante nach 9.Bc4}) 9... Rc8 (9... h5 $5) 10. Kb1 (10. g4
{Ich nehme diese Partie zum Anlass eine Variante anzugeben, die recht
zwangsläufig zu einem sehr interessanten Materialverhältnis führt.} Ne5 11. h4
O-O 12. h5 Nxf3 13. Nxf3 Bxg4 14. Be2 (14. hxg6 $6 Bxf3 $13 {Diese Variante
gibt Tiviakov in der Monographie des Informator Verlages B75-76 an.}) 14...
Bxh5 {Schwarz hat drei Bauern für die Figur bekommen. Sein Königsflügel steht
aber unter Druck und er hat noch keinen Angriff am anderen Flügel.} 15. Bh6 {
Das ist die prinzipielle Angriffsfortstzung. Die Frage ist, ob Schwarz den
Angriff überleben kann.} (15. Bxa7 $5 {Dieser Zug wurde jüngst in
Onicuk-Hodgson/Groningen/1997 gespielt. Weiß holt sich erst einmal einen
Bauern zurück.}) 15... Qa5 (15... Bxh6 $2 16. Qxh6 Rxc3 {scheitert an} 17. Ng5
{deckt unter anderem auch e4, weshalb bxc3 droht. Sf6xe4 geht nun nicht mehr
und der Kc1 findet nach bxc3 ein Fluchfeld auf d2.} (17. bxc3 Qa5 18. Ng5 Qxc3
19. Bxh5 Rc8 20. Rh2 Qa1+ 21. Kd2 Qc3+ 22. Kc1 $11) 17... Bxe2 (17... Rg3 18.
Bxh5 gxh5 (18... Qa5 19. Nxh7 Nxh7 20. Rd5 Qxa2 21. Bxg6 Qa1+ 22. Kd2 Rg2+ 23.
Ke3 Rg3+ 24. Kf2 $18) 19. Rxh5 Rg2 20. Nxh7 Nxh5 21. Ng5 Nf6 22. Rh1 $18) 18.
Nxh7 Bh5 19. Nxf6+ exf6 20. Rxh5 $18) 16. Bxg7 Kxg7 17. Nd4 (17. Rdg1 $5) 17...
Rxc3 (17... Bxe2 $2 18. Qh6+ Kg8 (18... Kh8 19. Nd5 $18) 19. Nd5 Bh5 20. Nf5
gxf5 21. Nxf6+ exf6 22. Rdg1+ Bg6 23. Qxh7#) 18. Qxc3 Qxc3 19. bxc3 Bxe2 20.
Nxe2 Nxe4 21. Rh4 Nc5 $13 {mit einem sehr interessanten Materialverhältnis.
Schwarz hat 4 verbundene Freibauern für den Turm. Welche Seite würden Sie
spielen wollen?}) 10... Ne5 11. g4 (11. h4 h5 $5) (11. Bh6 Bxh6 12. Qxh6 Rxc3
13. bxc3 Qb6+ 14. Ka1 Qc5 15. Qd2 O-O 16. Rb1 b6 17. Bb5 Rc8 18. Bxd7 Nfxd7 19.
f4 Nc4 20. Qc1 a6 21. h4 e5 22. fxe5 dxe5 23. Ne2 Qf2 24. Qd1 Nc5 25. h5 Ne3
26. Qd2 Nxe4 27. Qd3 Nxc3 28. hxg6 hxg6 29. Rxb6 e4 30. Qxa6 Nxc2+ 31. Kb2
Qxb6+ {0-1 Nunn,J-Mestel,A/Hastings7778 1977}) 11... O-O (11... Nc4 12. Bxc4
Rxc4 13. h4 h6 14. h5 g5 15. e5 dxe5 16. Nf5 O-O 17. Bxg5 hxg5 18. Qxg5 Ne8 19.
h6 f6 20. hxg7 fxg5 21. Rh8+ {1-0 Beni,A-Anagnostou,J/Amsterdam olm 1954}) (
11... h5 12. g5 Nh7 13. f4 Nc4 14. Bxc4 Rxc4 15. f5 Qa5 16. Rhf1 a6 17. h4 Qe5
18. Qd3 Rc8 19. Nf3 Qa5 20. Bd4 Bxd4 21. Nxd4 Qc5 22. fxg6 fxg6 23. e5 Nf8 24.
exd6 Qxd6 25. Qf3 Qb4 26. Qf7+ Kd8 27. Qxf8+ Kc7 28. Qf4+ {1-0 Amos,B-Schammo,
J/Siegen olm 1970}) 12. g5 $6 {Gefällt mir nicht.} (12. Nd5 e6 13. Nc3 a6 14.
h4 b5 15. Bh6 b4 16. Bxg7 Kxg7 17. Nce2 Nc4 18. Qxb4 e5 19. Nb3 a5 20. Qe1 a4
21. Ng3 axb3 22. axb3 Na5 23. Rxd6 Qc7 24. Qd2 Be6 25. h5 Rfd8 26. Rxd8 Rxd8
27. Bd3 Nc6 28. hxg6 fxg6 29. Qg5 Nb4 30. Nh5+ Nxh5 31. gxh5 Bxb3 32. cxb3 Rxd3
33. Rc1 Rd1 {0-1 Van der Wiel,J-Mestel,A/Luzern olm 1982}) (12. h4 h5 13. gxh5
Nxh5 14. Rg1 Rxc3 15. bxc3 (15. Qxc3 Nxf3) 15... Qb6+ 16. Nb3 Qc7 17. Be2 Kh7
18. f4 Nc4 19. Bxc4 Qxc4 20. e5 Rc8 21. exd6 Bxc3 22. Qd5 exd6 23. Qxc4 Rxc4
24. Rxd6 Bf5 25. Bd4 Nxf4 26. Bxc3 Rxc3 27. Nd4 Ne2 28. Rg2 Nxd4 29. Rxd4 Kg7
30. h5 Rc6 31. Ra4 Rb6+ 32. Kc1 a6 33. Ra5 Be4 34. Rf2 gxh5 35. Rxh5 Rg6 36.
Rf4 Re6 37. Rg4+ Kf8 38. Rf4 Ke7 39. Rhh4 Bd5 40. Rf2 Kd6 41. Rh8 Ke5 42. Rf8
Re7 43. Kd2 Rc7 44. Re8+ Kd6 45. Kc1 Kd7 46. Rh8 {1/2-1/2 Filipenko,
A-Veselovsky,S/Smolensk Alekhine op 1992}) 12... Nh5 13. Be2 Nc4 (13... Z0 14.
f4 $140) 14. Bxc4 Rxc4 15. Nde2 Be6 (15... Qa5 $2 16. Nd5 $16 Qxd2 $140 $2 17.
Nxe7+ $18) (15... b5 $5) 16. Bd4 Bxd4 17. Nxd4 Qd7 18. Nce2 Bh3 (18... Rfc8 $5)
19. Ng3 Ng7 (19... Nxg3 $2 20. hxg3 $16 {[%cal Rd2h2]}) 20. Rhe1 Rfc8 21. c3 b5
$15 22. Nc2 a5 23. Ne3 R4c6 24. Nd5 {[%cal Rd5f4]} Be6 25. Re3 Qa7 26. Ne2 Bxd5
27. exd5 Rc5 28. Re4 Nf5 29. Qd3 Qc7 30. a3 Rc4 (30... Rb8 $5 31. Z0 b4 $140)
31. Nd4 Nxd4 32. Rxd4 Rxd4 33. Qxd4 Qd7 (33... Rb8 34. h4 b4 35. axb4 axb4 36.
cxb4 Rc8 37. Qe4 $14) 34. Qd3 {/\h4-h5} Rc4 (34... b4 35. cxb4 axb4 36. axb4 (
36. Rc1 bxa3 37. Rxc8+ Qxc8 38. bxa3 $14) 36... Qa4 (36... Qh3 37. Rc1 Rxc1+
38. Kxc1 Qxh2 39. Qe3 $16) 37. Rc1 Rxc1+ 38. Kxc1 Qxb4 $14) 35. Re1 Rh4 36. Re2
h6 (36... b4 37. axb4 axb4 38. cxb4 (38. c4 Qa7 $17) 38... Rxb4 39. Re4 $11)
37. gxh6 Rxh6 38. Qe3 Qf5+ 39. Qe4 Qxe4+ 40. fxe4 Rh3 41. a4 bxa4 42. Ka2 Rd3
43. Ka3 Rd1 44. Kxa4 Ra1+ 45. Kb5 Ra2 1/2-1/2